[Event "Magnus Carlsen Invitational 2020"]
[Site "magnuscarlsen.com"]
[Date "2020.04.18"]
[Round "1.3"]
[White "Carlsen, Magnus"]
[Black "Nakamura, Hikaru"]
[Result "1-0"]
[WhiteElo "2881"]
[BlackElo "2829"]
[Annotator "TA"]
[PlyCount "111"]
[EventDate "2020.04.18"]
[EventType "tourn"]
[EventCountry "NOR"]
[SourceTitle "playchess.com"]
[Source "ChessBase"]
[SourceQuality "1"]

{[%evp 14,111,17,8,12,13,10,1,21,24,21,22,23,17,13,12,19,10,18,10,30,24,33,22,
20,8,9,13,20,20,21,19,32,8,8,17,35,26,25,25,25,25,31,0,26,0,0,0,0,0,0,0,0,-60,
0,0,0,0,0,0,0,0,0,0,0,0,0,0,0,0,0,0,0,0,7,7,7,7,168,168,330,312,312,316,286,
293,308,315,401,8,1179,1145,977,1214,1151,1085,1016,808,29978,29979]} 1. d4 Nf6
2. c4 e6 3. Nf3 d5 4. Nc3 Be7 5. Bf4 O-O 6. e3 Nbd7 (6... c5 7. dxc5 Bxc5 8. a3
Nc6 9. Qc2 Re8 10. Bg5 Be7 11. Rd1 Qa5 12. Bd3 dxc4 13. Bxc4 h6 14. Bf4 Bd7 15.
O-O Rac8 16. e4 e5 17. Be3 Nd4 18. Bxd4 Rxc4 19. Bxe5 Ba4 20. b3 Nxe4 21. Rd3
Rec8 22. Qb2 Nc5 {1-0 (43) Carlsen,M (2875)-Nakamura,H (2754) Zagreb 2019}) 7.
c5 c6 8. h3 b6 {D37: Queen's Gambit Declined: 5 Bf4.} 9. b4 a5 10. a3 $1 h6 {
The position is equal.} 11. Bd3 Ba6 {Hoping for ...Bxd3.} 12. O-O Qc8 13. Qc2
Bxd3 14. Qxd3 Qb7 15. Qc2 Rfc8 16. Rfb1 {[#]} axb4 $146 ({Predecessor:} 16...
Bd8 17. Ne1 Qa7 18. Ra2 Ne4 19. Nxe4 dxe4 20. cxb6 Bxb6 21. Rab2 Nf6 {1/2-1/2 
(37) Jimenez Molina,G (2367)-Sanz Velez,A (2300) ICCF email 2014}) 17. axb4 Bd8
18. Qc1 Bc7 19. Rxa8 Rxa8 20. Bxc7 Qxc7 21. Ra1 Qb7 22. Ra3 Ne8 23. Ne2 Rxa3
24. Qxa3 Nc7 25. Nf4 Qa6 26. Qxa6 Nxa6 $11 {[%mdl 4096] Endgame KNN-KNN} 27.
Nd3 f6 28. Nd2 Kf7 29. f4 Nc7 30. Kf2 Nb5 31. Kf3 Nc3 32. g4 g5 33. f5 ({
Better is} 33. e4 $11) 33... e5 (33... exf5 $15 34. gxf5 b5) 34. Nc1 e4+ 35.
Kf2 $1 Ke7 36. Nf1 Na4 37. Ke2 Nb2 38. Kd2 Nc4+ 39. Kc3 Nb8 40. Nb3 Na6 41.
cxb6 Nxb6 42. Na5 Kd7 43. Ng3 Kc7 44. Nh5 Nd7 45. Nb3 Kd8 $2 (45... Nab8 $11)
46. Nc5 $18 Nab8 $2 {[#]} (46... Naxc5 47. bxc5 Kc8) 47. b5 $1 cxb5 48. Kb4
Nc6+ 49. Kxb5 Na7+ 50. Ka6 Nxc5+ 51. Kxa7 $2 {KN-KN} (51. dxc5 $18 d4 52. exd4)
51... Nb3 $2 {[%mdl 8192]} (51... Nd3 $11) 52. Kb6 Kd7 53. Nxf6+ Kd6 {[#]} 54.
Ne8+ $1 Kd7 55. Nc7 Nxd4 56. exd4 {Accuracy: White = 87%, Black = 73%.} 1-0

[Event "Magnus Carlsen Invitational 2020"]
[Site "magnuscarlsen.com"]
[Date "2020.04.19"]
[Round "1.3"]
[White "Vachier-Lagrave, Maxime"]
[Black "Giri, Anish"]
[Result "1/2-1/2"]
[WhiteElo "2860"]
[BlackElo "2731"]
[Annotator "TA"]
[PlyCount "184"]
[EventDate "2020.04.18"]
[EventType "tourn"]
[EventCountry "NOR"]
[SourceTitle "playchess.com"]
[Source "ChessBase"]
[SourceQuality "1"]

{[%evp 22,184,0,0,0,0,0,0,0,0,0,0,18,0,0,0,0,0,0,0,0,0,0,0,0,0,0,0,0,0,0,0,0,0,
0,-5,-5,-7,-5,-5,-5,-19,-19,-19,-19,-20,-20,-30,-31,-77,-77,-84,-77,-77,-77,
-77,-77,-77,-77,-77,-77,-77,-42,-77,-36,-77,-36,-77,-36,-77,-36,-77,-36,-77,
-36,-77,-37,-77,-66,-66,-66,-66,-66,-66,-66,-66,-66,-66,-66,-66,-66,-66,-66,
-66,-66,-66,-66,-66,-66,-66,-66,-66,-66,-66,-66,-66,-66,-66,0,-66,0,-66,-66,
-66,-66,-66,-60,-60,-60,-60,-60,-60,-60,-60,-60,-60,-60,-60,-60,-60,0,-60,-60,
-60,-60,-60,-60,-60,-8,-60,-60,-60,-60,-60,-60,-60,-60,-60,-25,-60,0,-60,0,-60,
-60,-60,-60,-60,-60,-60,0,0,0,-60,0]} 1. e4 c5 2. Nf3 Nc6 3. c3 Nf6 4. e5 Nd5
5. d4 cxd4 6. cxd4 d6 7. Bc4 Nb6 8. Bb5 dxe5 9. Nxe5 Bd7 10. Nxd7 Qxd7 11. Nc3
e6 12. O-O Rd8 {B22: Sicilian: 2 c3.} 13. Qf3 Be7 14. Be3 O-O {The position is
equal.} 15. Rfd1 a6 16. Bxc6 bxc6 {[#]} 17. Qe2 $146 ({Predecessor:} 17. Rac1
Nd5 18. Na4 Qb7 19. b3 Rd7 20. Nc5 Bxc5 21. Rxc5 Rc8 22. Rdc1 Ne7 23. Bg5 {
1/2-1/2 (36) Fiebig,T (2453)-Brunner,N (2485) Belgium 2010}) 17... Qb7 18. Rac1
a5 19. b3 Ra8 20. h3 Rfc8 21. Rc2 a4 22. Nxa4 Nxa4 23. bxa4 Rxa4 24. Rdc1 Ba3
25. Rc4 Bxc1 26. Rxa4 Bxe3 27. Qxe3 $11 {[%mdl 4096] Endgame KQR-KQR} h6 28.
Qb3 Qxb3 29. axb3 {KR-KR} Kf8 30. Kf1 Rb8 31. Ra6 Rxb3 32. Rxc6 Rb4 33. Rc8+
Ke7 34. Rc7+ $1 Ke8 35. g3 Rxd4 36. h4 Rd7 37. Rc5 Ke7 38. Kg2 Rd5 39. Rc7+ Kf6
40. Ra7 Rb5 41. Rc7 Rb3 42. Ra7 Rc3 43. Rb7 Rd3 44. Ra7 Rb3 45. Rc7 Ra3 46. Rb7
Kg6 47. Re7 Ra6 48. Rb7 Kf6 49. Rc7 g5 50. hxg5+ hxg5 51. g4 Ra4 52. f3 Ra2+
53. Kg3 Rd2 54. Ra7 Kg6 55. Ra8 Kg7 56. Ra7 Kf8 57. Rb7 Ke8 58. Ra7 Rd7 59. Ra5
Rd5 60. Ra7 Kf8 61. Kf2 Kg7 62. Ra8 Rd4 63. Ra5 Kg6 64. Ra8 Rd2+ 65. Kg3 $1 Kf6
66. Ra7 $1 Re2 67. Rb7 Kg6 68. Rb8 Kg7 69. Rb5 f6 70. Rb7+ Kg6 71. Re7 e5 72.
Kh3 Ra2 73. Kg3 Ra8 74. Rb7 Rf8 75. Kf2 Rf7 (75... Rd8 $15) 76. Rb6 (76. Rxf7
$1 $11 Kxf7 77. Ke3) 76... Rd7 77. Ke3 Kf7 78. Ra6 Ke7 79. Rb6 Rd6 (79... Rc7
$15) 80. Rb5 (80. Rxd6 $1 $11 Kxd6 81. Kd2) 80... Ke6 $15 81. Ra5 Rb6 82. Kf2
Kd6 83. Ke3 Rc6 84. Kf2 Kc7 85. Ke3 Kd6 86. Kf2 $1 Rb6 87. Ke3 $1 Kc6 88. Kf2
Rb2+ 89. Ke3 Rb3+ 90. Kf2 Rb5 (90... Kd7 $15) 91. Ra6+ $11 Rb6 (91... Kd5 $11)
92. Ra5 $15 Kd6 {Accuracy: White = 84%, Black = 83%.} ({Black should try} 92...
Kd7 $15) 1/2-1/2

[Event "Magnus Carlsen Invitational 2020"]
[Site "magnuscarlsen.com"]
[Date "2020.04.18"]
[Round "1.3"]
[White "Ding, Liren"]
[Black "Firouzja, Alireza"]
[Result "1/2-1/2"]
[WhiteElo "2836"]
[BlackElo "2703"]
[Annotator "TA"]
[PlyCount "84"]
[EventDate "2020.04.18"]
[EventType "tourn"]
[EventCountry "NOR"]
[SourceTitle "playchess.com"]
[Source "ChessBase"]
[SourceQuality "1"]

{[%evp 9,84,33,34,21,29,22,66,62,54,71,66,73,76,85,104,103,96,81,147,124,173,
134,224,223,325,264,398,358,355,351,322,311,270,317,304,292,322,310,350,310,
301,293,331,249,301,279,306,254,564,552,29967,221,254,223,224,84,120,138,563,
173,233,245,328,125,254,0,0,0,0,0,0,0,0,0,0,0,0]} 1. Nf3 d5 2. g3 Nd7 3. d4 Nb6
4. Bg2 Bf5 5. O-O e6 6. Nbd2 {D02: 1 d4 d5 2 Nf3 sidelines, including 2...Nf6
3 g3 and 2...Nf6 3 Bf4.} c6 7. c4 dxc4 8. e4 {White is slightly better.} Bg6 9.
Qe2 Nf6 10. Rd1 Bb4 11. Ne5 c3 {[#]} 12. bxc3 $146 ({Predecessor:} 12. Nf1 Na4
13. Qc2 Nxb2 14. Bxb2 cxb2 15. Qxb2 Qe7 16. Nxg6 hxg6 17. Rdb1 Ba5 18. Qxb7
Qxb7 19. Rxb7 {1/2-1/2 (37) Cherniaev,A (2415)-Sokolov,I (2636) Jakarta 2013})
12... Bxc3 {[%mdl 64] Double Attack} 13. Rb1 O-O ({Black should play} 13...
Qxd4 14. Ndc4 Bh5) 14. Nb3 {[%mdl 1024] White has strong compensation.} Qe7 15.
Bg5 Qa3 (15... h6 $16 {was necessary.}) 16. Rd3 $1 $18 {[%cal Rd3c3]} Na4 (
16... Bb4 $142 17. Nc5 {[%mdl 64] Discovered Attack} Qa5) 17. h4 c5 (17... Rfc8
{keeps fighting.} 18. Bxf6 gxf6) 18. Bxf6 gxf6 19. Nc4 $1 {[%cal Rc4a3]} Qb4
20. Nbd2 Bxd2 21. Rxb4 Bxb4 22. h5 b5 23. hxg6 bxc4 24. gxh7+ Kh8 25. Rf3 c3
26. a3 cxd4 27. axb4 Rac8 28. Qc2 Nb2 $2 (28... Nb6 29. Rd3 (29. Rxf6 $2 d3 $19
) 29... Rc4) 29. Bf1 Rfd8 30. Bd3 $2 (30. Qc1 $1 {mates} c2 31. Rxf6 Rf8 32.
Rf3 f6 33. Ba6 Rc7 34. Rb3 d3 35. Bxd3 Nxd3 36. Rxd3) 30... e5 31. g4 Kxh7 32.
Kf1 (32. Rxf6 $18 {is more deadly. Threatening mate with Qc1.} Kg7 33. Rf3)
32... Nxd3 33. Rxd3 Rc4 $2 {[%mdl 8192] [#]} (33... Kg7 $16 {is more resistant.
} 34. Kg2 Rh8) 34. Qc1 $2 (34. g5 $1 Rc6 (34... fxg5 35. Rh3+) 35. Rh3+ Kg7 36.
Qc1 $1 {[%mdl 512]}) 34... Kg7 {[#]} (34... c2 {might work better.} 35. Kg2 Kg7
) 35. g5 $1 {[%cal Rg5f6] Strongly threatening gxf6+.} f5 36. g6 $2 (36. exf5
$18 {and the rest is easy. Threatens to win with Rh3.} c2 37. Kg2) 36... fxe4 {
[#]} (36... f4 $16) 37. gxf7 $2 (37. Rh3 $1 $18 {White wants to mate with Qg5!}
e3 38. gxf7 (38. fxe3 d3 $11)) 37... exd3 $16 {KQ-KRR. The position is equal.}
38. Qg5+ {[%mdl 64] Double Attack} Kxf7 39. Qf5+ {[%mdl 64] Double Attack} Ke7
{White must now prevent ...Rd5.} 40. Qxe5+ Kf7 41. Qf5+ {[%mdl 64] Double
Attack} Ke7 {With the idea ...Rc6.} 42. Qe5+ Kf7 {White really could win this.
Accuracy: White = 62%, Black = 37%.} 1/2-1/2

[Event "Magnus Carlsen Invitational 2020"]
[Site "magnuscarlsen.com"]
[Date "2020.04.19"]
[Round "1.3"]
[White "Caruana, Fabiano"]
[Black "Nepomniachtchi, Ian"]
[Result "1/2-1/2"]
[WhiteElo "2773"]
[BlackElo "2778"]
[Annotator "TA"]
[PlyCount "59"]
[EventDate "2020.04.18"]
[EventType "tourn"]
[EventCountry "NOR"]
[SourceTitle "playchess.com"]
[Source "ChessBase"]
[SourceQuality "1"]

{[%evp 10,59,24,0,0,0,0,0,-8,-3,26,18,38,0,0,0,0,0,0,-21,-11,-29,-30,-26,0,-25,
0,0,0,0,0,0,0,0,0,0,0,0,0,-6,0,0,0,-12,0,0,0,0,0,0,0,0]} 1. e4 e6 2. d4 d5 3.
Nc3 Bb4 4. exd5 exd5 5. Bd3 Nf6 6. a3 (6. Nf3 {keeps more tension.} O-O 7. O-O
c5 8. dxc5 Bxc5 9. Bf4) 6... Bxc3+ {C01: French: Exchange Variation.} 7. bxc3
O-O 8. Ne2 Re8 9. O-O Ne4 {[#]} 10. Bf4 $146 ({Predecessor:} 10. Ng3 Nd7 11.
Bxe4 dxe4 12. f3 exf3 13. Qxf3 Qf6 14. Bf4 Nb6 15. Bxc7 Qxf3 16. Rxf3 {1/2-1/2
(47) Vega Gutierrez,S (2281)-Pares Vives,N (2321) Novetle 2008}) 10... Bf5 11.
f3 Nd6 12. Ng3 Bg6 13. Qd2 Nc6 14. Rfe1 Qd7 15. Rxe8+ Rxe8 16. Re1 Na5 17.
Rxe8+ Qxe8 18. Bxd6 {The position is equal.} cxd6 19. h4 h6 20. h5 Bh7 21. Qf4
Qe6 22. Kf2 Nc4 23. Bxc4 dxc4 24. Ne4 Bxe4 $1 25. fxe4 $11 {KQ-KQ} b5 26. g4 a5
27. Qf5 Qxf5+ 28. gxf5 f6 29. Ke3 a4 30. d5 {An uneventful encounter. Accuracy:
White = 95%, Black = 90%.} 1/2-1/2

[Event "Magnus Carlsen Invitational 2020"]
[Site "magnuscarlsen.com"]
[Date "2020.04.18"]
[Round "1.4"]
[White "Nakamura, Hikaru"]
[Black "Carlsen, Magnus"]
[Result "1-0"]
[WhiteElo "2829"]
[BlackElo "2881"]
[Annotator "TA"]
[PlyCount "61"]
[EventDate "2020.04.18"]
[EventType "tourn"]
[EventCountry "NOR"]
[SourceTitle "playchess.com"]
[Source "ChessBase"]
[SourceQuality "1"]

{[%evp 17,61,58,29,-10,0,0,0,0,0,-27,-19,-51,0,-19,-26,-55,-56,-55,14,14,7,16,
117,126,310,309,298,300,310,312,436,427,444,447,452,445,439,431,564,558,730,
727,727,724,718,714]} 1. e4 c5 2. Nf3 e6 3. d4 cxd4 4. Nxd4 Nf6 5. Nc3 d6 6.
Be3 Be7 7. f4 Nc6 8. Qf3 e5 9. Nxc6 bxc6 10. Bc4 {B82: Sicilian Scheveningen:
6 f4.} Ng4 11. Bd2 exf4 $1 12. Bxf4 {The position is equal.} O-O 13. O-O Bf6 {
[#] Strongly threatening ...Qb6+.} 14. Bb3 $5 $146 {[%mdl 8] An interesting
novelty.} ({Predecessor:} 14. Kh1 Be5 15. Rad1 Qe7 16. Rd2 Bxf4 17. Qxf4 Ne5
18. Bb3 Bg4 19. Qf2 Rad8 20. Qd4 {0-1 (36) Vokhidov,S (2370)-Tukhaev,A (2518)
Voronezh 2016}) 14... Re8 ({Black should try} 14... Ne5 $15 15. Qe2 a5) 15.
Rad1 Ne5 16. Qg3 Ba6 17. Bxe5 Bxe5 ({Black should play} 17... Rxe5 $15 18. Rf3
Qe7) 18. Bxf7+ $11 {[%mdl 64] [#] Double Attack} Kh8 19. Bxe8 $40 {[%cal Rf1f8]
[%mdl 128] White has some attack.} Qb6+ (19... Bxf1 $11 20. Qf2 (20. Rxf1 Qb6+
21. Kh1 Rxe8 $11) 20... Qxe8 21. Rxf1 h6) 20. Qf2 $16 {aiming for Qxb6.} Rxe8
$2 {Now Black is done in.} (20... Bxf1 $16 {was necessary.} 21. Qxb6 (21. Kxf1
Rxe8 22. Qxb6 axb6 $14) 21... axb6) 21. Qxb6 $18 axb6 22. Rf7 h6 23. Rc7 c5 24.
Rc6 {White is clearly winning.} Bd4+ 25. Kh1 Bxc3 26. bxc3 Rxe4 27. Rxb6 {
KRR-KRB} Bc4 28. a4 {[%cal Ba2a4,Ba4a5][%mdl 32]} Re2 29. Rbxd6 Rxc2 30. Ra1
Rxc3 31. a5 {Accuracy: White = 79%, Black = 53%.} 1-0

[Event "Magnus Carlsen Invitational 2020"]
[Site "magnuscarlsen.com"]
[Date "2020.04.19"]
[Round "1.4"]
[White "Nepomniachtchi, Ian"]
[Black "Caruana, Fabiano"]
[Result "0-1"]
[WhiteElo "2778"]
[BlackElo "2773"]
[Annotator "TA"]
[PlyCount "146"]
[EventDate "2020.04.18"]
[EventType "tourn"]
[EventCountry "NOR"]
[SourceTitle "playchess.com"]
[Source "ChessBase"]
[SourceQuality "1"]

{[%evp 20,145,8,22,27,0,0,13,0,5,0,0,0,0,18,0,0,0,40,0,44,0,66,0,16,-18,-15,
-13,-7,-23,0,-19,-15,-9,-16,-17,0,-39,-27,-26,-20,-60,-56,-79,-75,-89,-84,-121,
-97,-93,-96,-109,-97,-169,-154,-171,-89,-306,-300,-440,-433,-379,-166,-170,
-143,-432,-340,-438,-432,-521,-513,-452,-460,-408,-393,-353,-252,-256,-256,
-243,-247,-312,-153,-153,-122,-122,-100,-122,-92,-166,-118,-344,-344,-344,-337,
-330,-146,-145,-94,-985,-985,-937,-908,-769,-735,-607,-332,-324,-324,-373,-372,
-354,-354,-765,-776,-679,-668,-765,-723,-727,-733,-710,-720,-12841,-2123,
-29998,-29999,-29999]} 1. e4 e5 2. Nf3 Nc6 3. Bb5 a6 4. Ba4 Nf6 5. O-O Be7 6.
d3 d6 7. c3 O-O 8. Nbd2 Re8 9. Re1 Bf8 10. d4 b5 11. Bc2 Bb7 {C91: Closed Ruy
Lopez: 7...d6 8 c3 0-0 9 d4.} 12. b3 {[#]} b4 $146 ({Predecessor:} 12... d5 13.
exd5 Nxd5 14. dxe5 Nxc3 15. Bxh7+ Kxh7 16. Qc2+ Kg8 17. Qxc3 Nb4 18. e6 Rxe6
19. Rxe6 fxe6 {0-1 (54) Morozevich,A (2741)-Harikrishna,P (2673) Odessa 2007})
13. Bb2 a5 {The position is equal.} 14. d5 Nb8 15. Nc4 c6 16. dxc6 Nxc6 17. a3
Ba6 18. Ne3 g6 19. Qd2 {[%cal Rc3b4]} Qb6 20. h3 Rac8 (20... bxc3 $11 21. Bxc3
(21. Qxc3 Rab8 $11) 21... Bb5) 21. Rad1 (21. axb4 $14 axb4 22. c4) 21... Red8
22. c4 bxa3 23. Bxa3 Nb4 24. Bb1 Bh6 25. Qe2 Bb7 26. Ng4 Nxg4 27. hxg4 Na6 (
27... Bc6 {is interesting.} 28. g5 Bf8 29. Bc1 Bd7 30. Be3 Qa6) 28. Rd3 (28.
Bc2 {looks sharper.} Bf8 29. Bc1 Nb4 30. Be3 Qc7 31. Ra1) 28... Nc5 29. Bxc5
Rxc5 30. Qd1 Bc8 31. Nd2 Be6 32. Ba2 Qb4 33. f3 Rc6 34. g3 Ra8 35. Kg2 a4 36.
Re2 (36. Rh1 $17 {was necessary.} Kg7 37. Qc2) 36... axb3 37. Bxb3 Ra3 (37...
Rca6 $1 $19 38. Qc2 Qc5) 38. Nb1 $2 (38. Rf2 $17) 38... Ra1 $19 39. Rb2 (39.
Ba2 $142) 39... Bxc4 40. Qc2 {If only White now had time for Bxc4....} Kg7 (
40... Rb6 $142 41. Rc3 Be6) 41. Bxc4 Rxc4 42. Qf2 $2 {[%mdl 8192]} (42. Qb3 $17
Qc5 43. Rd5) 42... Qa5 43. Nd2 Rcc1 44. Nb3 {[#]} Rg1+ $1 {[%mdl 576] Decoy}
45. Qxg1 Rxg1+ 46. Kxg1 Qe1+ 47. Kh2 Qf1 48. Rc3 Bg5 49. Rg2 Qe1 $1 {[%cal
Re1c3]} 50. Rd3 Qb1 (50... Kf8 $19 {And now ...h5 would win.} 51. Rd5 Qc3) 51.
Rc3 $17 h5 52. gxh5 gxh5 53. Nd2 Qd1 {White must now prevent ...Kh7.} 54. Rd3 (
54. f4 $17 Bh6 55. Nf3) 54... Kf8 {Threatens to win with ...h4.} 55. Rf2 $2 (
55. Rb3 $17 {was the only chance.}) 55... h4 $19 56. gxh4 Bxh4 57. Rg2 {[#]}
Ke7 (57... Bg5 $1 $19 {[%cal Rg5f4][%mdl 512] has better winning chances. ( ->
...Bf4+)} 58. Rxg5 Qe2+ {[%mdl 64] Double Attack} 59. Rg2 Qxd3) 58. Rb3 $17 Qe1
({Better is} 58... Qc2 {aiming for ...Be1.} 59. Rb1 Kf6 {[%mdl 64] Decoy}) 59.
Nc4 $2 {[%mdl 8192] [#]} (59. Rb1 $17 Qe3 60. Rb3) 59... Bg5 $1 $19 {[%cal
Rg5f4][%mdl 576] Decoy, Clearance} 60. Rxg5 Qh4+ {[%mdl 64] Double Attack} 61.
Kg2 Qxg5+ {[%mdl 4096] Endgame KQ-KRN} 62. Kf2 Qc1 63. Ne3 Qd2+ 64. Kg3 Ke6 65.
Nf5 {If White can now play Rb6 this consolidates a bit.} Qd1 66. Rb2 $2 (66.
Ra3) 66... Qg1+ 67. Rg2 Qe1+ 68. Kg4 Qc1 69. Ng7+ Kf6 70. Nh5+ Kg6 71. f4 Kh6 (
71... Qh1 $142 72. Kg3 Qxh5) 72. Kf5 Qc8+ 73. Kf6 Qe6# {Accuracy: White = 44%,
Black = 63%.} 0-1

[Event "Magnus Carlsen Invitational 2020"]
[Site "magnuscarlsen.com"]
[Date "2020.04.19"]
[Round "1.4"]
[White "Giri, Anish"]
[Black "Vachier-Lagrave, Maxime"]
[Result "1/2-1/2"]
[WhiteElo "2731"]
[BlackElo "2860"]
[Annotator "TA"]
[PlyCount "93"]
[EventDate "2020.04.18"]
[EventType "tourn"]
[EventCountry "NOR"]
[SourceTitle "playchess.com"]
[Source "ChessBase"]
[SourceQuality "1"]

{[%evp 23,93,17,8,5,8,6,29,30,29,18,34,21,42,5,0,0,88,83,89,89,98,99,97,86,117,
5,5,5,5,0,5,3,5,5,5,5,5,0,5,5,8,0,0,0,6,6,7,6,6,6,6,6,6,6,9,6,36,9,14,14,37,14,
37,0,6,6,6,0,6,0,6,0]} 1. d4 Nf6 2. c4 e6 3. Nf3 d5 4. g3 Be7 5. Bg2 O-O 6. O-O
dxc4 7. Qc2 a6 8. a4 Bd7 9. Qxc4 Bc6 10. Bg5 Bd5 11. Qc2 Be4 12. Qc1 $1 {
12.Qc1 scores better than 12.Qd1.} h6 13. Bxf6 {E05: Open Catalan: 5 Nf3 Be7.}
Bxf6 14. Nbd2 Bc6 {[#]} 15. Qc3 $146 {White has an edge.} ({Predecessor:} 15.
Rd1 a5 16. Nc4 Bd5 17. Qc2 Nc6 18. e4 Nb4 19. Qe2 Bxc4 20. Qxc4 c6 21. h4 {
1-0 (51) Lekic,D (2343)-Silva,T (1995) Lisbon 2020}) 15... a5 16. Rfd1 Nd7 17.
Nc4 Bd5 18. Nxa5 c5 19. Nb3 Qb6 (19... b6 $11) 20. Nxc5 $16 Nxc5 21. Qxc5 Qxc5
22. dxc5 Bxb2 23. Rab1 Bc3 {[#]} 24. Nd2 (24. Rdc1 $1 $16 {[%cal Rc1c3]} Bf6
25. Nd2) 24... Bxg2 $1 $11 25. Kxg2 {Threatens to win with Ne4.} Rxa4 26. Nf3
Rc4 27. Rb5 Rc8 28. Rxb7 {next Rdd7 is good for White.} R4xc5 29. Rdd7 Rf8 $1
30. g4 Rcc8 31. h4 Rcd8 32. g5 Rxd7 33. Rxd7 hxg5 34. hxg5 {[%mdl 4096]
Endgame KRB-KRN} g6 35. Rc7 Bg7 36. Nd2 Rd8 37. Ne4 Kf8 38. e3 Be5 39. Ra7 Bg7
40. Kf3 Be5 41. Kg4 Bg7 42. Ra6 Ke7 43. Ra7+ (43. Nf6 $5) 43... Rd7 {The
position is equal.} 44. Ra8 Rd8 45. Ra7+ Rd7 46. Ra8 Rd8 47. Ra7+ {Accuracy:
White = 85%, Black = 90%.} 1/2-1/2

[Event "Magnus Carlsen Invitational 2020"]
[Site "magnuscarlsen.com"]
[Date "2020.04.18"]
[Round "1.4"]
[White "Firouzja, Alireza"]
[Black "Ding, Liren"]
[Result "1/2-1/2"]
[WhiteElo "2703"]
[BlackElo "2836"]
[Annotator "TA"]
[PlyCount "93"]
[EventDate "2020.04.18"]
[EventType "tourn"]
[EventCountry "NOR"]
[SourceTitle "playchess.com"]
[Source "ChessBase"]
[SourceQuality "1"]

{[%evp 9,93,14,18,17,14,15,23,16,16,21,11,3,12,-1,0,-10,-4,-20,-14,-16,-29,-29,
0,-25,54,-47,-47,-68,-36,-27,-16,-70,-13,-54,-50,-52,0,0,-1,0,0,0,-4,-2,0,0,0,
0,0,0,45,43,43,44,43,43,43,43,43,43,44,52,51,53,79,79,79,79,79,79,83,79,79,79,
91,0,0,0,0,0,0,0,0,0,0,0]} 1. e4 e5 2. Nf3 Nc6 3. Bb5 Nf6 4. d3 Bc5 5. Bxc6
dxc6 6. O-O {C65: Ruy Lopez: Berlin Defence (3...Nf6), unusual lines and 4 0-0
Bc5.} Nd7 7. c3 {Nowadays more popular than 7.Nbd2.} h6 8. d4 {White has an
edge.} Bd6 {[#]} 9. Nbd2 $146 ({Predecessor:} 9. Qc2 O-O 10. Be3 exd4 11. cxd4
Nb6 12. Nc3 f5 13. Qb3+ Kh7 14. Rfe1 a5 15. Bd2 {1/2-1/2 (21) Schuller,J (2412)
-Eldridge,M (2405) ICCF email 2017}) 9... exd4 10. cxd4 O-O 11. h3 Nb6 12. Nb3
f5 13. e5 Be7 14. Qc2 f4 15. Nc5 Qd5 16. Qc3 (16. e6 $5) 16... Bxc5 (16... Qf7
$11) 17. Qxc5 (17. dxc5 $14 Na4 18. Qc2) 17... Be6 $15 18. b3 Qxc5 (18... Qe4 {
keeps more tension.} 19. Kh2 Qf5 20. Ba3 Rf7 21. Rh1 Nd5) 19. dxc5 {[#]
Threatens to win with Nd4.} Nd7 20. Re1 (20. Nd4 $11 Rae8 21. Re1) 20... Rae8 (
{Better is} 20... Nxc5 $15 21. Rd1 Na6) 21. Bb2 Bd5 22. Rad1 Nxc5 ({Black
should try} 22... Rf5 $15) 23. Ba3 $11 b6 24. Bxc5 bxc5 25. Rc1 c4 $1 26. Nd4
cxb3 27. axb3 Re7 28. e6 Rfe8 29. Re5 Bxe6 30. Rce1 {[%cal Re5e6]} Kf7 31. Nxc6
{[%mdl 64] [#] Hoping for Rc5. Double Attack} Rd7 32. R5e4 {Strongly
threatening Ne5+.} Rd6 33. Rxf4+ Kg8 34. Nxa7 Rb8 35. Rc1 Rb7 36. Nc6 Bxb3 37.
Na5 Rb5 38. Nxb3 Rxb3 39. Rxc7 $16 {[%mdl 4096] Endgame KRR-KRR} Rg6 40. g3
Rbb6 41. h4 Rgf6 42. Re4 (42. Rxf6 $16 Rxf6 43. Kg2) 42... Rb1+ $11 {The
position is equal.} 43. Kg2 Rb2 44. Re8+ Kh7 45. Ree7 Rbxf2+ 46. Kh3 Rg6 47.
Re4 {Accuracy: White = 82%, Black = 81%.} 1/2-1/2

[Event "Magnus Carlsen Invitational 2020"]
[Site "magnuscarlsen.com"]
[Date "2020.04.18"]
[Round "1.5"]
[White "Nakamura, Hikaru"]
[Black "Carlsen, Magnus"]
[Result "0-1"]
[WhiteElo "2829"]
[BlackElo "2881"]
[Annotator "TA"]
[PlyCount "64"]
[EventDate "2020.04.18"]
[EventType "tourn"]
[EventCountry "NOR"]
[SourceTitle "playchess.com"]
[Source "ChessBase"]
[SourceQuality "1"]

{[%evp 20,64,0,0,0,0,5,-17,0,-68,-63,-70,-56,-62,-77,-73,-68,-68,-62,-129,-121,
-191,-64,-64,-62,-68,-73,-61,-66,-57,-79,-327,-331,-527,-535,-515,-496,-616,0,
-313,0,-566,0,-1570,-1570,-1511,-1497]} 1. e4 c5 2. Nf3 e6 3. d4 cxd4 4. Nxd4
Nf6 5. Nc3 d6 6. Be3 Be7 7. Be2 Nc6 8. f4 O-O 9. Nb3 a6 10. a4 b6 11. O-O Bb7 {
B83: Sicilian Scheveningen: 6 Be2, lines without ...a6.} 12. Bf3 Nd7 13. g4 {
[#]} Na5 $146 {The position is equal.} ({Predecessor:} 13... Nc5 14. Bg2 Re8
15. Nc1 Rc8 16. N1e2 Nb4 17. Ng3 d5 18. exd5 exd5 19. Nf5 Bf8 20. Re1 g6 21.
Nd4 Bg7 22. Rc1 Nbd3 23. cxd3 Rxe3 {0-1 (23) Peng,D (2363)-Kovalyov,A (2651)
Philadelphia 2018}) 14. g5 (14. Nxa5 $11 bxa5 15. g5) 14... Nc4 $15 15. Bc1 e5
16. Be2 Rc8 17. h4 exf4 18. Rxf4 Nde5 19. Nd5 {[#]} (19. Qf1 $15) 19... Ng6 $1
$17 20. Rf2 (20. Rf3 $17) 20... Bxd5 (20... Nxh4 $19 21. Qf1 Ne5) 21. exd5 $15
({Much worse is} 21. Qxd5 Nce5 $11) 21... Nxh4 22. Qd4 Bxg5 23. Bxc4 {
Threatens to win with Kh1.} Bxc1 24. Rxc1 {Strongly threatening Rcf1.} ({
Don't blunder} 24. Nxc1 $2 Qg5+ 25. Kh1 (25. Kf1 $2 Nf5 $19) 25... Nf5 $19)
24... Qg5+ 25. Kf1 $2 (25. Kh1 $17 Qh5 26. Be2 Nf3+ {[%mdl 64] Discovered
Attack} 27. Kg2 Nxd4 {[%mdl 64] Discovered Attack} 28. Bxh5 Nxb3 {[%mdl 64] Pin
} 29. Rcf1) 25... Nf5 $19 26. Rxf5 (26. Qf4 {only move.} Ne3+ {[%mdl 64]
Discovered Attack} 27. Ke2 Qxf4 28. Rxf4 Nxc4 29. Nd4) 26... Qxf5+ 27. Kg2 Qg5+
28. Kf3 Qf5+ 29. Kg2 Qg5+ $2 (29... Rce8 {White must now prevent ...Re4.} 30.
Nd2 Re5) 30. Kf3 $1 {[#]} Qf5+ $2 (30... Rxc4 $1 $19 {[%mdl 512]} 31. Qxc4 Re8)
31. Ke2 $2 {[%mdl 8192]} (31. Kg2 $11) 31... Rfe8+ 32. Kd2 Re4 {Accuracy:
White = 49%, Black = 79%.} 0-1